Biggest Trading Partners - South Africa - Statistics

General Stats
  • This quiz has been taken 23 times
  • The average score is 26 of 30
Answer Stats
Exports Country % Correct
1.17 bil France
100%
2.01 bil France
100%
7.66 bil Japan
100%
3.05 bil Japan
100%
4.69 bil United Kingdom
100%
2.74 bil United Kingdom
100%
7.79 bil United States
100%
5.61 bil United States
100%
4.25 bil China
95%
8.66 bil China
95%
5.49 bil Germany
95%
6.56 bil Germany
95%
2.21 bil India
95%
1.88 bil India
95%
1.82 bil Spain
95%
1.96 bil Belgium
91%
1.08 bil Brazil
91%
1.53 bil Italy
91%
1.69 bil Italy
91%
3.36 bil Netherlands
91%
1.47 bil South Korea
91%
1.24 bil South Korea
91%
1.86 bil Nigeria
86%
5.51 bil Saudi Arabia
86%
1.36 bil Zimbabwe
77%
3.28 bil Iran
68%
1.58 bil Zambia
68%
1.51 bil Switzerland
50%
1.06 bil Thailand
36%
1.28 bil Yemen
14%
No matching quizzes found
Score Distribution
Percent of People with Each Score
Percentile by Number Answered
Your Score History
You have not taken this quiz